Music Quiz

Random Music or Rock Quiz

Pink Floyd Albums Quiz Stats

 Plays Quiz Updated Dec 18, 2018

Support Sporcle.
Go Orange.
Score 0/15 Timer 04:00
15 Plays Today
Year Album % Correct
1973The Dark Side of the Moon
96.7%
1979The Wall
94.6%
1975Wish You Were Here
85.2%
1977Animals
82.8%
1994The Division Bell
69.6%
1967The Piper at the Gates of Dawn
66%
2014The Endless River
65.9%
1971Meddle
64.1%
Year Album % Correct
1969Ummagumma
60.6%
1970Atom Heart Mother
58.3%
1983The Final Cut
57.3%
1987A Momentary Lapse of Reason
54.9%
1968A Saucerful of Secrets
52.3%
1972Obscured by Clouds
46%
1969Soundtrack from the Film 'More'
44.2%

From the Vault

You DO Know Latin

by Flick

Apparently we can all understand latin. Who knew?
Remove Ads.
Support Sporcle.
Get the best of Sporcle when you Go Orange. This ad-free experience offers more features, more stats, and more fun while also helping to support Sporcle. Thank you for becoming a member.

Show Comments

Extras

Top Quizzes Today


Score Distribution

Your Account Isn't Verified!

In order to create a playlist on Sporcle, you need to verify the email address you used during registration. Go to your Sporcle Settings to finish the process.

Report this User

Report this user for behavior that violates our Community Guidelines.

Details: